| 000 | 00822nas a2200277 4500 | ||
|---|---|---|---|
| 001 | BR9100943 | ||
| 003 | BR-BrBNA | ||
| 005 | 20231205091934.0 | ||
| 007 | ta | ||
| 008 | 230509b bl.|||p| |||| 00| 00por d | ||
| 040 |
_aBR-BrBNA _bpor _cBiblioteca Nacional de Agricultura |
||
| 041 | _a(Pt) | ||
| 072 | _aF02 | ||
| 100 | 1 | _aLederman, I.E. | |
| 100 | 1 | _aBezerra, J.E.F. | |
| 100 | 1 | _aAschoff, M.N.A. | |
| 100 | 1 | _aCarvalheira, R.C.F. | |
| 245 | 1 | _aAnelamento e tipo de estaca, no enraizamento da jaqueira | |
| 650 | _aJACA | ||
| 650 | _aESTACA | ||
| 650 | _aREPRODUCAO ASSEXUADA | ||
| 650 | _aENRAIZAMENTO DE ESTACA | ||
| 773 | 0 |
_tPesquisa Agropecuaria Brasileira (Brazil) _xISSN 0100-204X _g(Oct 1990), v. 25(10) p. 1461-1464 _wBR9100943 |
|
| 909 |
_a202311 _bLúcia _c55 _dLúcia Elande |
||
| 942 |
_2AGRIS _n0 _cANA |
||
| 999 |
_c128233 _d128233 |
||